FUNDAMENTALS OF DATA BASE / (Record no. 588094)

000 -LEADER
fixed length control field 00337nam a22001457a 4500
027 ## - STANDARD TECHNICAL REPORT NUMBER
Qualifying information PB.
040 ## - CATALOGING SOURCE
Transcribing agency FIZZA ISHAQ
082 ## - DEWEY DECIMAL CLASSIFICATION NUMBER
Classification number 005.74
Author Mark RAM
100 ## - MAIN ENTRY--PERSONAL NAME
Personal name ELMASRI,RAMEZ.
9 (RLIN) 89318
245 ## - TITLE STATEMENT
Title FUNDAMENTALS OF DATA BASE /
Statement of responsibility, etc. RAMEZ ELMASRI.
250 ## - EDITION STATEMENT
Edition statement 7th ED.
260 ## - PUBLICATION, DISTRIBUTION, ETC.
Place of publication, distribution, etc. LONDON ;
Date of publication, distribution, etc. 2017.
300 ## - PHYSICAL DESCRIPTION
Extent 1272 P. ;
942 ## - ADDED ENTRY ELEMENTS (KOHA)
Source of classification or shelving scheme
Koha item type Book
Holdings
Withdrawn status Lost status Source of classification or shelving scheme Damaged status Not for loan Permanent Location Current Location Date acquired Total Checkouts Full call number Barcode Date last seen Price effective from Koha item type
          NUST Baluchistan Campus (NBC) NUST Baluchistan Campus (NBC) 02/21/2022   005.74 RAM Q-2520 02/21/2022 02/21/2022 Book
© 2023 Central Library, National University of Sciences and Technology. All Rights Reserved.